000
00329nam a2200133Ia 4500
008
240827s9999 xx 000 0 und d
020
_a
9788173199516
100
_a
P.B. Patil
245
0
_a
Numerical Computational Methods, Revised Edition
250
_a
Rev. Ed.
260
_b
NAROSA
_c
2017
650
_a
Chemistry
942
_c
BK
999
_c
27328
_d
27328